Strzelcy bramek w 9 kolejce Premier League w sezonie 2020/21 - Statystyki

Ogólne statystyki
  • Ten quiz został rozwiązany 20 razy
  • Średni wynik to 10 z 20
Statystyki odpowiedzi
Mecz Piłkarz % Poprawnych
Tottenham - Manchester City 1:0 Son
90%
Liverpool - Leicester 3:0 Firmino
80%
Fulham - Everton 0:1 Calvert-Lewin
75%
Fulham - Everton 1:2 Calvert-Lewin
75%
Liverpool - Leicester 2:0 Jota
75%
Manchester United - West Brom 1:0 Fernandes
65%
Newcastle - Chelsea 0:2 Abraham
55%
Liverpool - Leicester 1:0 (bramka samobójcza) Evans
55%
Burnley - Crystal Palace 1:0 Wood
55%
Tottenham - Manchester City 2:0 Lo Celso
50%
Sheffield Utd - West Ham 0:1 Haller
40%
Wolves - Southampton 1:1 Neto
40%
Fulham - Everton 1:3 Doucoure
35%
Newcastle - Chelsea 0:1 (bramka samobójcza) Fernandez
35%
Wolves - Southampton 0:1 Walcott
35%
Aston Villa - Brighton 1:2 March
30%
Fulham - Everton 1:1 Reid
30%
Aston Villa - Brighton 0:1 Welbeck
30%
Aston Villa - Brighton 1:1 Konsa
20%
Fulham - Everton 2:3 Loftus-Cheek
15%
Nie znaleziono quizów pasujących do podanych kryteriów
Rozkład punktacji
Procent ludzi z każdym wynikiem
Percentyl według liczby udzielonych odpowiedzi
Twoja historia wyników
Nie rozwiązałeś tego quizu